000 01051nac a22002897a 4500
001 BR7603961
003 BR-BrBNA
005 20240105114002.0
008 230509b bl.|||m| |||| 00| 0 por d
040 _aBR-BrBNA
_bpor
_cBiblioteca Nacional de Agricultura
072 _aF00; F27
090 _a0150 BR7603961
110 1 _aEmpresa Brasileira de Assistencia Tecnica e Extensao Rural, Brasilia, DF;
_93797
110 1 _aEmpresa Brasileira de Pesquisa Agropecuaria, Brasilia, DF
_93834
245 1 _aSistema de producao para arroz. Regiao Norte Piaui [Oryza sativa, Triticum spp., Brasil]
260 3 _aTeresina, PI (Brasil):
_bEmpresa de Assistencia Tecnica e Extensao Rural do Estado do Piaui,
_c1976.
300 _a42 p.
490 _aSistemas de Producao. Boletim (Brazil)
_vno. 23
_xISSN 0100-5359
650 _aARROZ
650 _aMILHO
650 _aCONSORCIACAO DE CULTURA
650 _aPRATICA CULTURAL
650 _aREGIAO NORTE
650 _aPIAUI
909 _a202312
_bLúcia Elande
_c55
_dLúcia Elande
942 _2AGRIS
_n0
_cMS
999 _c266727
_d266727